000 00644nam a2200229Ia 4500
008 101110s9999 xx 000 0 und d
041 _aENGLISH
082 _bSR27391
100 _aBangui P.S., Phatak V.V., Patil C.G. and others
245 _aA new course in physics paper-I SYBSc
260 _c2005
_bSheth Pub., Mumbai
300 _a169
365 _b100
520 _aPhysics
520 _aWith one CD sent to computer Dept. dt.12/8/05
546 _aENGLISH
630 _aA new course in physics paper-I SYBSc
650 _aPhysics
655 _aPhysics
730 _aA new course in physics paper-I SYBSc
942 _cBOOK
999 _c819947
_d819944